[Event "OP-2010-0-01161"]
[Site "LSS email"]
[Date "2010.05.16"]
[Round "?"]
[White "Yanes, Ubaldo"]
[Black "Dzulynski, Marek"]
[Result "0-1"]
[WhiteElo "674"]
[BlackElo "1548"]
[PlyCount "28"]
[EventDate "2010.05.11"]
[EventType "tourn (corr)"]
[EventRounds "4"]
[EventCountry "GER"]
[SourceTitle "Corr 2015"]
[Source "ChessBase"]
[SourceDate "2015.07.17"]
[SourceVersion "1"]
[SourceVersionDate "2015.07.17"]
[SourceQuality "1"]

1. d4 g6 2. Bf4 Bg7 3. e3 d6 4. Nf3 Nf6 5. h3 0-0 6. Be2 Nc6 7. 0-0 Qe8 8. Nbd2 e5 9. dxe5 dxe5 10. Bh2 e4 11. Nd4 Nxd4 12. Re1 Nxe2+ 13. Rxe2 Qe7 14. c3 Bf5 0-1

[Event "LSS SN-2010-0-00249"]
[Site "LSS email"]
[Date "2010.05.16"]
[Round "?"]
[White "Yanes, Ubaldo"]
[Black "Feng, Jason"]
[Result "0-1"]
[WhiteElo "674"]
[BlackElo "832"]
[PlyCount "20"]
[EventDate "2010.04.30"]
[EventType "tourn (corr)"]
[EventRounds "6"]
[EventCountry "GER"]
[SourceTitle "Corr 2015"]
[Source "ChessBase"]
[SourceDate "2015.07.17"]
[SourceVersion "1"]
[SourceVersionDate "2015.07.17"]
[SourceQuality "1"]

1. d4 e5 2. e3 exd4 3. exd4 d5 4. Bf4 Bb4+ 5. c3 Bd6 6. Bg3 Qe7+ 7. Qe2 Qxe2+ 8. Bxe2 Bxg3 9. hxg3 Nf6 10. Nf3 Bg4 0-1

[Event "OP-2010-0-01161"]
[Site "LSS email"]
[Date "2010.05.16"]
[Round "?"]
[White "Yanes, Ubaldo"]
[Black "Hilton, Stephen H"]
[Result "0-1"]
[WhiteElo "674"]
[BlackElo "999"]
[PlyCount "28"]
[EventDate "2010.05.11"]
[EventType "tourn (corr)"]
[EventRounds "4"]
[EventCountry "GER"]
[SourceTitle "Corr 2015"]
[Source "ChessBase"]
[SourceDate "2015.07.17"]
[SourceVersion "1"]
[SourceVersionDate "2015.07.17"]
[SourceQuality "1"]

1. d4 Nf6 2. Bf4 g6 3. e3 Bg7 4. Nf3 d6 5. h3 Nbd7 6. Be2 0-0 7. 0-0 Re8 8. Nbd2 e5 9. dxe5 dxe5 10. Bh2 Qe7 11. c3 e4 12. Nd4 c6 13. Rc1 Ne5 14. Bxe5 Qxe5 0-1

[Event "LSS SN-2010-0-00249"]
[Site "LSS email"]
[Date "2010.05.16"]
[Round "?"]
[White "Yanes, Ubaldo"]
[Black "Vontina, Maria"]
[Result "0-1"]
[WhiteElo "674"]
[BlackElo "645"]
[PlyCount "42"]
[EventDate "2010.04.30"]
[EventType "tourn (corr)"]
[EventRounds "6"]
[EventCountry "GER"]
[SourceTitle "Telechess CBM 141"]
[Source "ChessBase"]
[SourceDate "2011.03.17"]
[SourceVersion "1"]
[SourceVersionDate "2011.03.17"]
[SourceQuality "1"]

1. d4 Nf6 2. Bf4 e6 3. e3 Be7 4. Nf3 0-0 5. h3 Nc6 6. Bd3 a6 7. 0-0 d6 8. Nbd2 Bd7 9. c3 b5 10. Re1 Rc8 11. Qc2 Nb8 12. c4 c6 13. cxb5 cxb5 14. Qd1 Qb6 15. Rc1 Rxc1 16. Qxc1 Rc8 17. Qb1 Nc6 18. Rc1 d5 19. Qc2 Na7 20. Qd1 Rxc1 21. Qxc1 h6 0-1

[Event "ZN-2010-0-01044"]
[Site "LSS email"]
[Date "2010.05.16"]
[Round "?"]
[White "Zalascek, Vlado"]
[Black "Yanes, Ubaldo"]
[Result "1-0"]
[WhiteElo "1003"]
[BlackElo "767"]
[PlyCount "37"]
[EventDate "2010.05.13"]
[EventType "match (corr)"]
[EventRounds "2"]
[EventCountry "GER"]
[SourceTitle "Telechess CBM 141"]
[Source "ChessBase"]
[SourceDate "2011.03.17"]
[SourceVersion "1"]
[SourceVersionDate "2011.03.17"]
[SourceQuality "1"]

1. e4 c6 2. Bc4 d5 3. exd5 cxd5 4. Bb5+ Bd7 5. Qe2 Nc6 6. Qh5 Nf6 7. Qf3 Qb6 8. Nc3 e6 9. Nge2 Bb4 10. Qg3 0-0 11. 0-0 a6 12. Ba4 Rfd8 13. a3 Bxc3 14. Nxc3 Ne7 15. Bxd7 Rxd7 16. b4 Nf5 17. Qd3 Rc8 18. Na4 Qc7 19. Nc5 1-0

[Event "LSS ZN-2009-0-00870"]
[Site "LSS email"]
[Date "2010.01.13"]
[Round "?"]
[White "Yanes, Ubaldo"]
[Black "Zimmermann, Jan Erik"]
[Result "0-1"]
[WhiteElo "674"]
[BlackElo "959"]
[PlyCount "28"]
[EventDate "2010.01.09"]
[EventType "match (corr)"]
[EventRounds "2"]
[EventCountry "GER"]
[SourceTitle "Corr 2015"]
[Source "ChessBase"]
[SourceDate "2015.07.17"]
[SourceVersion "1"]
[SourceVersionDate "2015.07.17"]
[SourceQuality "1"]

1. e4 d5 2. exd5 Qxd5 3. Nc3 Qe5+ 4. Qe2 Qxe2+ 5. Bxe2 c6 6. d4 Bf5 7. Bd3 Bxd3 8. cxd3 g6 9. Be3 Bg7 10. Nf3 Nh6 11. 0-0 0-0 12. Rac1 Nf5 13. Rfe1 Na6 14. Ne4 Nb4 0-1

[Event "LSS ZN-2009-0-00870"]
[Site "LSS email"]
[Date "2010.01.13"]
[Round "?"]
[White "Zimmermann, Jan Erik"]
[Black "Yanes, Ubaldo"]
[Result "1-0"]
[WhiteElo "959"]
[BlackElo "674"]
[PlyCount "27"]
[EventDate "2010.01.09"]
[EventType "match (corr)"]
[EventRounds "2"]
[EventCountry "GER"]
[SourceTitle "Corr 2015"]
[Source "ChessBase"]
[SourceDate "2015.07.17"]
[SourceVersion "1"]
[SourceVersionDate "2015.07.17"]
[SourceQuality "1"]

1. e4 c6 2. d4 d5 3. e5 Bf5 4. Bd3 Bxd3 5. Qxd3 e6 6. Ne2 Nd7 7. 0-0 Bb4 8. c3 Ba5 9. Nf4 Ne7 10. Nd2 Bc7 11. Nf3 Nf5 12. Nh5 g6 13. Bg5 Ne7 14. Nf6+ 1-0

[Event "LSS OP-2009-0-01033"]
[Site "LSS email"]
[Date "2009.12.29"]
[Round "?"]
[White "Yanes, Ubaldo"]
[Black "Miklos, Tibor"]
[Result "0-1"]
[WhiteElo "779"]
[BlackElo "1865"]
[PlyCount "62"]
[EventDate "2009.12.24"]
[EventType "tourn (corr)"]
[EventRounds "4"]
[EventCountry "GER"]
[SourceTitle "Corr 2013"]
[Source "ChessBase"]
[SourceDate "2012.11.12"]
[SourceVersion "1"]
[SourceVersionDate "2012.11.12"]
[SourceQuality "1"]

1. e4 e5 2. Nf3 Nc6 3. Bb5 d6 4. 0-0 Bd7 5. Re1 Be7 6. d3 Nf6 7. Nc3 0-0 8. Bg5 a6 9. Ba4 b5 10. Bb3 Rb8 11. a3 h6 12. Be3 Nh7 13. Nd5 Re8 14. Nd2 Be6 15. Nxe7+ Qxe7 16. c3 Bxb3 17. Nxb3 Nd8 18. Qd2 Ne6 19. Na5 Qd7 20. d4 exd4 21. cxd4 Red8 22. Rac1 Rbc8 23. Nc6 Re8 24. d5 Neg5 25. f3 f6 26. Qa5 f5 27. h4 Nxf3+ 28. gxf3 fxe4 29. Qxa6 exf3 30. Qxb5 Qg4+ 31. Kf2 Qg2# 0-1

[Event "LSS ZN-2009-0-00851"]
[Site "LSS email"]
[Date "2009.12.28"]
[Round "?"]
[White "Hendershot, Paul"]
[Black "Yanes, Ubaldo"]
[Result "0-1"]
[WhiteElo "652"]
[BlackElo "779"]
[PlyCount "72"]
[EventDate "2009.12.26"]
[EventType "match (corr)"]
[EventRounds "2"]
[EventCountry "GER"]
[SourceTitle "Corr 2013"]
[Source "ChessBase"]
[SourceDate "2012.11.12"]
[SourceVersion "1"]
[SourceVersionDate "2012.11.12"]
[SourceQuality "1"]

1. e4 c6 2. d3 d5 3. exd5 cxd5 4. Ne2 Nf6 5. d4 Nc6 6. c3 e5 7. dxe5 Nxe5 8. Qd4 Bd6 9. Bf4 Qe7 10. Ng3 Nc6+ 11. Be3 Nxd4 12. cxd4 Bxg3 13. hxg3 Ng4 14. Be2 Nxe3 15. Kd2 Nxg2 16. Rg1 Qg5+ 17. Kd1 Nf4 18. a4 Nh3 19. Rg2 Nf4 20. Rh2 Nxe2 21. Kxe2 Bg4+ 22. f3 Qe7+ 23. Kf2 Bxf3 24. Kxf3 Qe4+ 25. Kf2 Qc2+ 26. Kg1 Qd1+ 27. Kg2 Qe2+ 28. Kh3 Qf1+ 29. Rg2 g5 30. Kh2 h5 31. Rg1 Qe2+ 32. Rg2 Qg4 33. Nd2 h4 34. Nf1 hxg3+ 35. Kg1 Qxd4+ 36. Ne3 Qxe3+ 0-1